Instrumentation for minimally invasive spine surgery / (Record no. 7660)

MARC details
000 -記錄標示
fixed length control field 02245cam a22004578i 4500
001 - 控制號(記錄識別欄)
control field 21822675
003 - 控制號標識
控制識別號 yeezen
005 - 最後更新時間
control field 20250717160948.0
006 - 定長資料--附加資料特性
fixed length control field m |o d |
007 - 稽核細項定長資料─一般資料
fixed length control field cr |||||||||||
008 - 定長欄資料代碼
fixed length control field 201112s2021 nyu ob 001 0 eng
010 ## - 美國國會圖書館控制號
美國國會圖書館控制號碼 2020051161
020 ## - 國際標準書號
國際標準書號 9781626232037
限定資訊 (ebook)
020 ## - 國際標準書號
取消或無效的ISBN 9781626232020
限定資訊 (paperback)
035 ## - 系統控制號
系統控制號 21822675
040 ## - 編目來源
原編目機構 DLC
編目語言 eng
移轉機構 DLC
編目規則代碼 rda
042 ## - 編目審定機構代碼
編定審定機構代碼 pcc
050 00 - 美國國會圖書館分類號
分類號 RD768
060 00 - 美國國家醫學圖書館索書號
分類號 WE727
082 00 - 杜威十進分類號
分類號 617.471
分類表版次號 23
245 00 - 題名及著者敘述項
正題名 Instrumentation for minimally invasive spine surgery /
著者敍述 [edited by] Kern Singh.
260 ## - 出版項
出版年 2021
263 ## - 預定出版日期
預定出版日期 2101
264 #1 - PRODUCTION, PUBLICATION, DISTRIBUTION, MANUFACTURE, AND COPYRIGHT NOTICE
出版地, 經銷地, 製造地 New York :
出版者, 經銷者, 製造者 Thieme,
出版年, 經銷年, 製造年, 版權年 2021
300 ## - 稽核項
數量(面數, 冊數或其他) 1 online resource
336 ## - 內容類型項目
Content type term text
Content type code txt
來源 rdacontent
337 ## - 媒體類型項目
Media type term computer
Media type code c
來源 rdamedia
338 ## - 載體類型項目
Carrier type term online resource
Carrier type code cr
來源 rdacarrier
504 ## - 書目註
書目註 Includes bibliographical references and index.
520 ## - 摘要、提要註
摘要 "In recent decades, technological innovations in minimally invasive surgery have revolutionized spine surgery. The integration of devices tailored to MIS spine techniques has allowed spine surgeons to tackle more complex spinal pathologies and generate new ways to improve clinical outcomes. Instrumentation for Minimally Invasive Spine Surgery by renowned orthopaedic surgeon Kern Singh and esteemed collaborators provides practical, evidence-based insights into important surgical decisions spine surgeons face every day. The primary goal of this book is to help spine surgeons navigate a daunting number of available devices and leverage the most optimal ones to achieve improved patient outcomes"--
指定來源 Provided by publisher.
588 ## - 著錄來源註
著錄來源註 Description based on print version record and CIP data provided by publisher; resource not viewed.
650 12 - 標題附加款目--主題用語
主題用語 Spinal Diseases
一般複分 surgery
650 12 - 標題附加款目--主題用語
主題用語 Minimally Invasive Surgical Procedures
一般複分 instrumentation
650 22 - 標題附加款目--主題用語
主題用語 Spinal Injuries
一般複分 surgery
650 22 - 標題附加款目--主題用語
主題用語 Spine
一般複分 surgery
700 1# - 附加款目--個人名稱
個人姓名 Singh, Kern,
相關職責詞語 editor.
776 08 - 其他媒體形式款目
關係資訊 Print version:
題名 Instrumentation for minimally invasive spine surgery
出版項 New York : Thieme, 2021.
國際標準書碼 9781626232020
紀錄控制號 (DLC) 2020051160
906 ## - LOCAL DATA ELEMENT F, LDF (RLIN)
a 7
b cbc
c orignew
d 1
e ecip
f 20
g y-gencatlg
942 ## - 附加款目元素 (KOHA)
分類法來源 美國國家醫學圖書館圖書分類法
Koha 館藏類型 西文圖書
Holdings
撤銷狀態 遺失狀態 分類號來源 損壞狀態 不外借 永久館藏地 現在館藏地 書架位置 採購日期 全部借出 全部續借 完整索書號 條碼號 還書日 最後一次日期記錄 Date last checked out 一般價格有效日期 Koha館藏類型
未註銷館藏 未遺失 美國國家醫學圖書館圖書分類法 未損毀 可外借 怡仁綜合醫院圖書館 怡仁綜合醫院圖書館 醫務部 2025-07-17 3 1 WE727 E01284 2026-06-30 2026-01-05 2026-01-05 2025-07-17 長期借閱書籍
怡仁醫院| 地址:32643桃園市楊梅區楊新北路321巷30號 | 服務專線:03-4855566 | 電子郵件信箱:
Copyright © 1996 CHC Hospital